书目信息 |
| 题名: |
数字信息资源开放存取
|
|
| 作者: | 黄如花 著 | |
| 分册: | ||
| 出版信息: | 武汉 武汉大学出版社 2017 |
|
| 页数: | 10,459页 | |
| 开本: | 24cm | |
| 丛书名: | 数字信息资源与服务创新研究丛书 | |
| 单 册: | ||
| 中图分类: | G254.97 | |
| 科图分类: | ||
| 主题词: | 图书馆--数字信息--信息资源--文献资源建设--研究 | |
| 电子资源: | ||
| ISBN: | 978-7-307-18218-9 | |
| 000 | 01349oam2 2200265 450 | |
| 001 | 5420 | |
| 005 | 20180528202857.62 | |
| 010 | @a978-7-307-18218-9@dCNY88.00 | |
| 100 | @a20170619d2017 em y0chiy50 ea | |
| 101 | 0 | @achi |
| 102 | @aCN@b420100 | |
| 105 | @ay z 000yy | |
| 200 | 1 | @a数字信息资源开放存取@9shu zi xin xi zi yuan kai fang cun qu@dOpen access to digital information resources@f黄如花著@zeng |
| 210 | @a武汉@c武汉大学出版社@d2017 | |
| 215 | @a10,459页@d24cm | |
| 225 | 2 | @a数字信息资源与服务创新研究丛书 |
| 314 | @a黄如花,管理学博士,武汉大学信息管理学院副院长、教授、博士生导师。主要研究领域有信息组织、信息检索与服务、开放存取、数据开放与共享等。 | |
| 330 | @a本书从理论、实践和相关技术三个方面对数字信息资源的开放存取进行了系统、全面的研究。全书共12章,涵盖数字信息资源开放存取的概念,发展历程、国内外研究与实践述评、开放存取背景下图书馆的应对之策、开放存取资源的检索、基于类型和基于学科的开放存取资源获取策略、科学数据与教育资源的开放存取、开放存取资源的元数据管理与重组、开放存取资源的质量控制与知识产权保护等。 | |
| 461 | 0 | @12001 @a数字信息资源与服务创新研究丛书 |
| 510 | 1 | @aOpen access to digital information resources@zeng |
| 606 | 0 | @a图书馆@x数字信息@x信息资源@x文献资源建设@x研究 |
| 690 | @aG254.97@v5 | |
| 701 | 0 | @a黄如花@9huang ru hua@4著 |
| 801 | 0 | @aCN@b91MARC@c20170619 |
| 905 | @aMuseLib@dG254.97@e134 | |
| 数字信息资源开放存取=Open access to digital information resources/黄如花著.-武汉:武汉大学出版社,2017 |
| 10,459页;24cm.-(数字信息资源与服务创新研究丛书) |
| ISBN 978-7-307-18218-9:CNY88.00 |
| 本书从理论、实践和相关技术三个方面对数字信息资源的开放存取进行了系统、全面的研究。全书共12章,涵盖数字信息资源开放存取的概念,发展历程、国内外研究与实践述评、开放存取背景下图书馆的应对之策、开放存取资源的检索、基于类型和基于学科的开放存取资源获取策略、科学数据与教育资源的开放存取、开放存取资源的元数据管理与重组、开放存取资源的质量控制与知识产权保护等。 |
| ● |
| 相关链接 |
|
|
|
|
正题名:数字信息资源开放存取
索取号:G254.97/134
 
预约/预借
| 序号 | 登录号 | 条形码 | 馆藏地/架位号 | 状态 | 备注 |
| 1 | 1113211 | 211132111 | 第一样本阅览室/ [索取号:G254.97/134] | 在馆 | |
| 2 | 1113212 | 211132120 | 教育系资料室/ [索取号:G254.97/134] | 在馆 | |
| 3 | 1113213 | 211132139 | 教育系资料室/ [索取号:G254.97/134] | 在馆 | |
| 4 | 1113214 | 211132148 | 第四借阅区/ [索取号:G254.97/134] | 在馆 |